福岡県の駅名一覧 - Statistics

General Stats
  • This quiz has been taken 47 times
  • The average score is 174 of 375
Answer Stats
Hint Answer % Correct
JA00 | JC00 | K11 | N18 博多
97%
JB27 | T50 大牟田
97%
JA02 箱崎
94%
01 | JA28 | JF01 | JI01 小倉
94%
JB17 久留米
94%
JA04 | JD06 香椎
91%
JA29 門司
91%
JA19 | JC26 | JE01 折尾
89%
JA21 黒崎
89%
JA31 門司港
89%
K08 天神
89%
JA01 | JC01 吉塚
86%
JA27 | JF02 | JI02 西小倉
86%
K13 福岡空港
86%
HC20
86%
JA22 八幡
83%
JB03 南福岡
83%
JB10 | JG01 | JG05 原田
83%
JB21 筑後船小屋
83%
JE06 若松
83%
博多南
83%
JA05 九産大前
80%
JA06 福工大前
80%
JA23 スペースワールド
80%
JB04 春日
80%
JB08 二日市
80%
JC13 飯塚
80%
HC1 | JC19 直方
80%
JK01 | K01 姪浜
80%
H07 | NK01 貝塚
80%
JA11 福間
77%
JA14 赤間
77%
JC14 | JJ01 新飯塚
77%
D02 太宰府
77%
JA03 千早
74%
JA09 古賀
74%
JA25 戸畑
74%
JB01 竹下
74%
JB05 大野城
74%
JB07 都府楼南
74%
JB20 羽犬塚
74%
JC06 篠栗
74%
新大牟田
74%
N14 | T02 薬院
74%
A01 甘木
74%
K06 大濠公園
74%
H01 | K09 中洲川端
74%
N16 天神南
74%
JA17 遠賀川
71%
JA26 九州工大前
71%
JC04 | JD11 長者原
71%
K04 西新
71%
K05 唐人町
71%
K10 祇園
71%
N01 橋本
71%
N06 福大前
71%
JA07 新宮中央
69%
JA18 水巻
69%
JA30 小森江
69%
JD02 海ノ中道
69%
JK08 筑前前原
69%
T05 大橋
69%
T27 西鉄久留米
69%
K12 東比恵
69%
N07 七隈
69%
JA16 海老津
66%
JB26 銀水
66%
JD01 西戸崎
66%
HC55 | JI14 | JJ06 田川後藤寺
66%
T01 西鉄福岡(天神)
66%
K07 赤坂
66%
N17 櫛田神社前
66%
JA13 東郷
63%
JD16 宇美
63%
HC31 | JF10 行橋
63%
JK04 九大学研都市
63%
T39 西鉄柳川
63%
H04 馬出九大病院前
63%
N13 薬院大通
63%
N15 渡辺通
63%
JA12 東福間
60%
JA24 枝光
60%
JB02 笹原
60%
JC11 桂川
60%
JD05 | NK08 和白
60%
JF03 | JI03 南小倉
60%
T07 雑餉隈
60%
NK04 香椎宮前
60%
H03 千代県庁口
60%
H05 箱崎宮前
60%
N11 六本松
60%
N12 桜坂
60%
JA08 ししぶ
57%
JA15 教育大前
57%
JA20 陣原
57%
JB18 荒木
57%
JD03 雁ノ巣
57%
JK07 糸島高校前
57%
NK03 西鉄千早
57%
NK10 西鉄新宮
57%
K02 室見
57%
JC02 柚須
54%
JD07 香椎神宮
54%
JF07 朽網
54%
JF08 苅田
54%
添田
54%
JK05 周船寺
54%
田主丸
54%
うきは
54%
T04 高宮
54%
T12 都府楼前
54%
T13 西鉄二日市
54%
T14
54%
T17 筑紫
54%
K03 藤崎
54%
H02 呉服町
54%
N08 金山
54%
N10 別府
54%
JB06 水城
51%
JB09 天拝山
51%
JB22 瀬高
51%
JC08 城戸南蔵院前
51%
JI10 採銅所
51%
JI11 香春
51%
T28 花畑
51%
NK05 西鉄香椎
51%
N02 次郎丸
51%
JA10 千鳥
49%
JD13 須恵
49%
06 | JF04 | JI04 城野
49%
JF05 安部山公園
49%
JF09 小波瀬西工大前
49%
吉富
49%
久留米高校前
49%
久留米大学前
49%
筑後吉井
49%
T22 西鉄小郡
49%
H06 箱崎九大前
49%
N04 野芥
49%
N09 茶山
49%
HC53 糸田
49%
03 旦過
49%
小郡
49%
JC03 原町
46%
JC10 筑前大分
46%
JC24 中間
46%
JE04 奥洞海
46%
HC15 | JI13 田川伊田
46%
T06 井尻
46%
D01 西鉄五条
46%
N03 賀茂
46%
02 平和通
46%
13 企救丘
46%
JB23 南瀬高
43%
JC12 天道
43%
JC22 鞍手
43%
JK02 下山門
43%
JK03 今宿
43%
T03 西鉄平尾
43%
T08 桜並木
43%
T09 春日原
43%
T15 朝倉街道
43%
T48 西鉄銀水
43%
T49 新栄町
43%
太刀洗
43%
JC17 小竹
40%
JC23 筑前垣生
40%
JD04 奈多
40%
JD12 酒殿
40%
南行橋
40%
JK12 筑前深江
40%
NK06 香椎花園前
40%
N05 梅林
40%
HC22 源じいの森
40%
JB19 西牟田
37%
JB24 渡瀬
37%
JC09 九郎原
37%
JD08 舞松原
37%
JD09 土井
37%
JE02 本城
37%
JE03 二島
37%
JF06 下曽根
37%
築城
37%
椎田
37%
宇島
37%
JG04 筑前山家
37%
JK15 鹿家
37%
南久留米
37%
御井
37%
T10 白木原
37%
T25 宮の陣
37%
NK02 名島
37%
NK09 三苫
37%
CK01 黒崎駅前
37%
04 香春口三萩野
37%
08 競馬場前
37%
10 徳力公団前
37%
JB25 吉野
34%
JC16 鯰田
34%
JD10 伊賀
34%
JD14 須恵中央
34%
JE05 藤ノ木
34%
JG03 筑前内野
34%
JI06 志井公園
34%
12 | JI07 志井
34%
T11 下大利
34%
T29 聖マリア病院前
34%
A09 古賀茶屋
34%
NK07 唐の原
34%
HC30 令和コスタ行橋
34%
CK08 永犬丸
34%
JC07 筑前山手
31%
豊前松江
31%
JK06 波多江
31%
JK11 一貴山
31%
善導寺
31%
T19 三国が丘
31%
T32 大善寺
31%
T33 三潴
31%
CK21 筑豊直方
31%
JC18 勝野
29%
JC25 東水巻
29%
JD15 新原
29%
新田原
29%
JI05 石田
29%
T21 大保
29%
T30 津福
29%
HC10 金田
29%
JC05 門松
26%
JC15 浦田
26%
JC21 筑前植木
26%
JI08 石原町
26%
豊前川崎
26%
JJ02 上三緒
26%
JJ03 下鴨生
26%
JK09 美咲が丘
26%
筑後大石
26%
T26 櫛原
26%
T36 八丁牟田
26%
A08 北野
26%
A10 学校前
26%
HC28 今川河童
26%
出光美術館
26%
ノーフォーク広場
26%
JC20 新入
23%
三毛門
23%
JG02 上穂波
23%
西添田
23%
JK13 大入
23%
T24 味坂
23%
T42 西鉄中島
23%
A02 馬田
23%
HC2 南直方御殿口
23%
HC3 あかぢ
23%
CK02 西黒崎
23%
CK20 感田
23%
07 北方
23%
11 徳力嵐山口
23%
九州鉄道記念館
23%
関門海峡めかり
23%
JI09 呼野
20%
JI12 一本松
20%
JJ04 筑前庄内
20%
JJ05 船尾
20%
JK10 加布里
20%
JK14 福吉
20%
T18 津古
20%
T20 三沢
20%
T31 安武
20%
T44
20%
T45 西鉄渡瀬
20%
A05 大堰
20%
A11 五郎丸
20%
HC12
20%
HC27 豊津
20%
CK14 希望が丘高校前
20%
CK18 木屋瀬
20%
西太刀洗
20%
池尻
17%
筑後草野
17%
T16 桜台
17%
T23 端間
17%
T34 犬塚
17%
T38 矢加部
17%
T40 徳益
17%
T43 江の浦
17%
T47 東甘木
17%
HC8 赤池
17%
HC25 東犀川三四郎
17%
HC29 美夜古泉
17%
09 守恒
17%
T35 大溝
14%
T37 蒲池
14%
T41 塩塚
14%
T46 倉永
14%
A04 本郷
14%
HC24 犀川
14%
CK03 熊西
14%
CK05 穴生
14%
CK13 筑豊中間
14%
CK15 筑豊香月
14%
05 片野
14%
A06 金島
11%
HC13 田川市立病院
11%
HC17 勾金
11%
HC18 柿下温泉口
11%
HC26 新豊津
11%
HC51 豊前大熊
11%
CK06 森下
11%
CK07 今池
11%
山隈
11%
大板井
11%
A03 上浦
9%
A07 大城
9%
HC5 中泉
9%
HC7 ふれあい生力
9%
HC9 人見
9%
HC11 上金田
9%
HC14 下伊田
9%
HC16 上伊田
9%
HC21 油須原
9%
HC54 大藪
9%
CK09 三ヶ森
9%
CK10 西山
9%
CK12 東中間
9%
CK16 楠橋
9%
CK17 新木屋瀬
9%
高田
9%
今隈
9%
松崎
9%
HC4 藤棚
6%
HC6 市場
6%
HC19 内田
6%
HC23 崎山
6%
HC52 松山
6%
CK04 萩原
6%
CK11 通谷
6%
CK19 遠賀野
6%
No matching quizzes found
Score Distribution
Percent of People with Each Score
Percentile by Number Answered
Your Score History
You have not taken this quiz